Diana enamorada
Guardat en:
| Autor principal: | |
|---|---|
| Format: | Llibre |
| Idioma: | espanyol |
| Publicat: |
Madrid
Espasa-Calpe
1953
|
| Col·lecció: | Clásicos Castellanos, 135
|
| Matèries: | |
| Etiquetes: |
Afegir etiqueta
Sense etiquetes, Sigues el primer a etiquetar aquest registre!
|
MARC
| LEADER | 00000nam a2200000 a 4500 | ||
|---|---|---|---|
| 001 | UCX5010 | ||
| 003 | CL-VaPUC | ||
| 008 | 920821e19530000SP |||||||||||||||||spa|d | ||
| 082 | 0 | 4 | |a 861 |b GIL |2 21 |
| 100 | |a Gil Polo, Gaspar |e author |9 415104 | ||
| 245 | 1 | 0 | |a Diana enamorada |
| 300 | |a 266 p | ||
| 942 | |c BK | ||
| 945 | |d 19920821 00:00:00 | ||
| 260 | |a Madrid |b Espasa-Calpe |c 1953 | ||
| 650 | 0 | |a Poesías españolas |9 265100 | |
| 583 | |a last modification |c 19920821 00:00:00 |k Rodrigo Vera | ||
| 490 | 0 | |a Clásicos Castellanos, 135 | |
| 999 | |c 225369 |d 225367 | ||
| 952 | |0 0 |1 0 |4 0 |6 861_000000000000000_GIL_1953 |7 0 |8 A |9 222835 |a FDOPOS |b FDOPOS |d 2019-11-15 |i 2915944 |o 861 GIL 1953 |p 2915944 |r 2025-01-22 |w 2019-11-15 |y BK |k MLH | ||
| 952 | |0 0 |1 0 |4 0 |6 861_000000000000000_GIL_1953 |7 0 |8 A |9 222836 |a BIBART |b BIBART |d 2019-11-15 |i 3279650 |o 861 GIL 1953 |p 3279650 |r 2025-03-13 |w 2019-11-15 |y BK |k ART | ||